Dostoyevski por André Gide : artículos y charlas /

Guardado en:
Bibliografiske detaljer
Hovedforfatter: Gide, André (autor)
Format: Bog
Sprog:spansk
Udgivet: Tlaxcala, México : Universidad Autónoma de Tlaxcala, 1987, c1987
Tags: Tilføj Tag
Ingen Tags, Vær først til at tagge denne postø!

MARC

LEADER 00000nam^a2200000^a^4500
001 000627493
005 20260206000000.0
009 20260310134054.721
037 |a Acervo Xavier Clavigero 
041 |a ESP 
091 |a FHG. 01100 
100 |a Gide, André  |e (autor) 
245 1 0 |a Dostoyevski por André Gide :  |b artículos y charlas / 
264 4 |a Tlaxcala, México :  |b Universidad Autónoma de Tlaxcala,  |c 1987, c1987 
300 |a 183 p. 
336 |a texto  |b txt  |2 rdacontenido 
337 |a sin mediación  |b n  |2 rdamedio 
338 |a volumen  |b nc  |2 rdasoporte 
649 |a XX 
910 |a Fondo Humberto García Bedoy S.J. 
920 |a Impresos - Libros 
930 |a Fondos Especiales 
905 |a 148 
901 |a 627493-10  |b IT2  |c ESP  |i D  |u 20260206 
902 |a https://opac.biblio.iteso.mx/vufind/Record/000627493